[Event "41st Nezhmetdinov Memorial 2019"]
[Site "Kazan"]
[Date "2019.06.08"]
[Round "9.2"]
[White "Tsydypov, Zhamsaran"]
[Black "Nozdrachev, Vladislav"]
[Result "1-0"]
[WhiteElo "2546"]
[BlackElo "2481"]
[Annotator "ChessBase"]
[PlyCount "79"]
[EventDate "2019.05.31"]
[EventType "swiss"]
[EventCountry "RUS"]
[SourceTitle "playchess.com"]
[Source "ChessBase"]
[SourceQuality "1"]
[TimeControl "5400+30"]

1. Nf3 {[%emt 0:02:07]} Nf6 {[%emt 0:00:00]} 2. g3 {[%emt 0:00:12]} d5 {[%emt 0:00:00]} 3. Bg2 {[%emt 0:00:06]} e6 {[%emt 0:00:03]} 4. O-O {[%emt 0:01:34]} Be7 {[%emt 0:00:04]} 5. b3 {[%emt 0:00:39]} O-O {[%emt 0:00:22]} 6. Bb2 {[%emt 0:00:05]} b6 {[%emt 0:00:25]} 7. c4 {[%emt 0:02:22]} Bb7 {[%emt 0:00:37]} 8. cxd5 {[%emt 0:01:41]} Nxd5 {[%emt 0:00:19]} 9. d4 {[%emt 0:00:07]} Nd7 {[%emt 0:01:41]} 10. Re1 {[%emt 0:02:29]} c5 {[%emt 0:08:39]} 11. e4 {[%emt 0:02:41]} Nc7 {[%emt 0:08:58]} 12. Nc3 {[%emt 0:00:33]} Nf6 {[%emt 0:01:23]} 13. Qc2 {[%emt 0:05:48]} cxd4 {[%emt 0:06:58]} 14. Rad1 {[%emt 0:00:18]} Bc5 {[%emt 0:00:36]} 15. Na4 {[%emt 0:01:53]} Qe7 {[%emt 0:03:55]} 16. Nxc5 {[%emt 0:04:53]} bxc5 {[%emt 0:00:47]} 17. Ba3 {[%emt 0:00:10]} Na6 {[%emt 0:00:40]} 18. Nxd4 {[%emt 0:00:45]} Nb4 {[%emt 0:00:23]} 19. Bxb4 {[%emt 0:03:01]} cxb4 {[%emt 0:00:03]} 20. Nf5 {[%emt 0:01:22]} exf5 {[%emt 0:11:06]} 21. exf5 {[%emt 0:00:05]} Ne4 {[%emt 0:01:53]} 22. Bxe4 {[%emt 0:00:26]} Rac8 {[%emt 0:00:12]} 23. Qb1 {[%emt 0:02:30]} Bxe4 {[%emt 0:00:59]} 24. Qxe4 {[%emt 0:07:06]} Qf6 {[%emt 0:09:00]} 25. Rd7 {[%emt 0:04:54]} Qa6 {[%emt 0:01:58]} 26. Qxb4 {[%emt 0:01:50]} Qxa2 {[%emt 0:00:11]} 27. f6 {[%emt 0:01:47]} g6 {[%emt 0:06:24]} 28. Qf4 {[%emt 0:02:44]} Rc6 {[%emt 0:03:45]} 29. Rde7 {[%emt 0:09:25]} Qxb3 {[%emt 0:05:44]} 30. Re8 {[%emt 0:03:14]} Qa3 {[%emt 0:00:09]} 31. Qh6 {[%emt 0:00:56]} Rxf6 {[%emt 0:00:35]} 32. R1e7 {[%emt 0:00:04]} Qa1+ {[%emt 0:01:02]} 33. Kg2 {[%emt 0:00:06]} Rxf2+ {[%emt 0:00:07]} 34. Kxf2 {[%emt 0:00:07]} Qb2+ {[%emt 0:00:37]} 35. Kg1 {[%emt 0:02:25]} Qb1+ {[%emt 0:02:19]} 36. Kg2 {[%emt 0:00:39]} Qc2+ {[%emt 0:00:31]} 37. Kh3 {[%emt 0:00:34]} Qf5+ {[%emt 0:00:07]} 38. Kh4 {[%emt 0:00:07]} Qf6+ {[%emt 0:00:27]} 39. Qg5 {[%emt 0:00:11]} Qd4+ {[%emt 0:00:04]} 40. Kh3 {[%emt 0:00:38]} 1-0

[Event "41st Nezhmetdinov Memorial 2019"]
[Site "Kazan"]
[Date "2019.06.08"]
[Round "9.3"]
[White "Timofeev, Artyom"]
[Black "Faizrakhmanov, Ramil"]
[Result "1/2-1/2"]
[WhiteElo "2602"]
[BlackElo "2421"]
[Annotator "TA"]
[PlyCount "146"]
[EventDate "2019.05.31"]
[EventType "swiss"]
[EventCountry "RUS"]
[SourceTitle "playchess.com"]
[Source "ChessBase"]
[SourceQuality "1"]

{[%evp 9,146,-4,24,6,25,24,23,21,22,21,21,3,20,20,21,18,17,24,49,4,28,-12,6,12,20,12,23,14,13,0,3,0,0,0,0,0,0,0,0,0,8,0,0,0,0,0,0,0,0,0,0,0,0,0,0,0,0,0,62,62,64,41,7,0,0,0,0,0,0,0,0,0,0,0,0,0,0,0,19,19,19,19,19,19,19,19,60,33,35,37,128,120,234,83,83,73,80,0,98,19,19,19,19,0,0,0,0,0,0,0,0,0,0,0,0,0,0,0,0,0,0,0,0,0,0,0,0,0,0,0,0,0,0,0,0,0,0,0,0]} 1. e4 c6 2. Nf3 d5 3. d3 dxe4 4. dxe4 Qxd1+ 5. Kxd1 Bg4 6. Be3 {B10: Caro-Kann: 2 d3 and 2 c4} Bxf3+ $146 ({Predecessor:} 6... Nd7 7. Nbd2 e5 8. Bc4 Bc5 9. Ke2 Bxe3 10. Kxe3 Ngf6 11. h3 Bxf3 12. Nxf3 {1-0 (49) Ivanchuk,V (2747)-Vidit,S (2689) Doha 2016}) 7. gxf3 Nd7 8. Nd2 {White has an edge.} e6 9. Nc4 Bc5 10. Bd3 Bxe3 11. fxe3 Ke7 12. f4 Ngf6 13. Ke2 Nc5 14. Kf3 a5 15. Rhd1 Rhd8 16. a4 g6 17. e5 Nd5 18. Be2 Nd7 19. c3 N5b6 20. h4 Nxc4 21. Bxc4 Nc5 22. Rd4 h5 23. Ra3 Ra7 24. Be2 Rd7 25. e4 Ra8 26. Ke3 Rdd8 27. Bd1 Rxd4 28. Kxd4 $11 {[%mdl 4096] Endgame KRB-KRN} Na6 29. Be2 Rd8+ 30. Ke3 Nc5 31. b4 Nd7 32. bxa5 Nc5 33. a6 bxa6 (33... Nxa6 $11 34. Bxa6 bxa6) 34. a5 $1 $14 Rd7 35. Ra2 Rb7 36. Bc4 Rb1 37. Kd4 Nb3+ 38. Bxb3 Rxb3 $11 {KR-KR} 39. Kc5 Kd7 40. c4 {And now Rd2+ would win.} Kc7 $1 41. f5 gxf5 42. exf5 Re3 $1 {[%cal Re3e5]} 43. Kd4 Re1 44. fxe6 fxe6 45. Rg2 {Threatens to win with Rg7+.} c5+ $1 {[%mdl 64] Decoy} 46. Kxc5 Rxe5+ 47. Kb4 Kc6 48. Rg7 Re1 49. Rg5 e5 (49... Rb1+ $14 50. Kc3 Rc1+ 51. Kd4 Kd6) 50. Rxh5 $16 e4 {[#]} (50... Rb1+ $16 51. Kc3 Rc1+ 52. Kd3 Rh1) 51. Kc3 $2 ({Resist} 51. Rh6+ $6 Kd7 $16) (51. Rc5+ $1 $18 {is the precise move to win.} Kd6 52. Rd5+ Ke6 53. h5) 51... e3 52. Rh6+ Kc5 53. Rh5+ Kc6 $1 {[#]} 54. Kd3 ({White should try} 54. Re5 $1 $16) 54... e2 $11 {The position is equal.} 55. Kd2 Rc1 $1 56. Kxe2 {Hoping for Rh6+.} (56. Re5 {seems wilder.} Rh1 57. Rxe2 Rxh4 58. Kc3 Rh1 59. Re6+) 56... Rxc4 57. Kf3 Ra4 58. Rh8 Rxa5 59. h5 Ra1 60. Kg2 Ra4 61. Kg3 Ra1 62. Kg2 Ra4 63. Kg3 Ra1 64. Kg4 Rg1+ 65. Kf5 Rf1+ 66. Kg4 Rg1+ 67. Kf4 Rh1 68. h6 a5 69. Kg5 $1 a4 70. Ra8 Kb5 71. Kg6 Rg1+ 72. Kf7 Rh1 73. Kg6 Rg1+ {Accuracy: White = 57%, Black = 63%.} 1/2-1/2

[Event "41st Nezhmetdinov Memorial 2019"]
[Site "Kazan"]
[Date "2019.06.08"]
[Round "9.4"]
[White "Popov, Mikhail"]
[Black "Pridorozhni, Aleksei"]
[Result "0-1"]
[WhiteElo "2395"]
[BlackElo "2588"]
[Annotator "TA"]
[PlyCount "102"]
[EventDate "2019.05.31"]
[EventType "swiss"]
[EventCountry "RUS"]
[SourceTitle "playchess.com"]
[Source "ChessBase"]
[SourceQuality "1"]

{[%evp 9,102,18,60,35,54,43,52,47,43,7,39,37,49,51,61,33,56,50,61,11,26,18,29,14,12,24,35,19,6,11,10,0,23,0,35,0,47,14,35,14,32,30,35,34,20,9,7,0,19,0,0,0,0,0,6,7,7,7,5,0,0,0,0,0,0,0,0,0,0,0,0,0,0,0,0,0,0,0,0,0,0,0,0,0,0,0,0,0,0,-29980,-29982,-29982,-29982,-29996,-29997]} 1. e4 d5 2. exd5 Qxd5 3. Nc3 Qd6 4. d4 Nf6 5. Bd3 a6 (5... Nc6 6. Nge2 Bg4 7. f3 Bh5 8. Bf4 Qd7 9. Ne4 Nxe4 10. Bxe4 e6 11. O-O Rd8 12. c3 Bd6 13. Bxd6 Qxd6 {1-0 (41) Miton,K (2603)-Wojtaszek,R (2716) Poznan 2014}) 6. Nge2 {B01: Scandinavian Defence} Bg4 7. f3 Bh5 8. Bf4 {White is slightly better.} Qd7 9. Ne4 Bg6 10. c3 $146 ({Predecessor:} 10. c4 e6 11. Qb3 Qc8 12. Nxf6+ gxf6 13. Be4 Nc6 14. O-O-O {Roze,A-Oblamski,V corr 1985}) 10... Qc6 11. Qc2 Nbd7 12. Bg3 e6 13. O-O Bd6 14. Rae1 O-O 15. Nf4 Nxe4 16. Bxe4 Bxf4 17. Bxf4 Qb6 18. Qb3 (18. Bxg6 {is interesting.} hxg6 19. Be3 Rfd8 20. b3 Nf6 21. c4) 18... Qxb3 19. axb3 Bxe4 20. fxe4 Rac8 21. b4 Rfe8 22. Rd1 Re7 23. Bg3 h6 24. Bh4 Ree8 25. e5 Ra8 26. Rf3 Nf8 27. Rdf1 Ng6 28. Be1 Re7 29. g4 a5 30. bxa5 Rxa5 31. h4 Ra2 32. h5 Nf8 33. Bh4 Rd7 34. b4 Nh7 35. R1f2 Ra3 36. Kg2 c6 37. Rb2 b5 38. Rbf2 Ra1 39. Rg3 Rda7 40. g5 hxg5 41. Bxg5 Nxg5 42. Rxg5 $11 {[%mdl 4096] Endgame KRR-KRR} Kh7 43. Rg3 Rc1 44. Kh3 Kh6 45. Kg4 Rh1 46. Rgf3 Rxh5 47. Rxf7 Rg5+ 48. Kh4 Ra3 49. Re7 $2 {[%mdl 8192]} (49. R2f3 $11) 49... Ra1 {Black mates.} 50. Rxe6+ {[#]} g6 $1 51. Rh2 Rag1 0-1

[Event "41st Nezhmetdinov Memorial 2019"]
[Site "Kazan"]
[Date "2019.06.08"]
[Round "9.5"]
[White "Tologontegin, Semetey"]
[Black "Rozum, Ivan"]
[Result "0-1"]
[WhiteElo "2386"]
[BlackElo "2568"]
[Annotator "ChessBase"]
[PlyCount "104"]
[EventDate "2019.05.31"]
[EventType "swiss"]
[EventCountry "RUS"]
[SourceTitle "playchess.com"]
[Source "ChessBase"]
[SourceQuality "1"]
[TimeControl "5400+30"]

1. c4 {[%emt 0:05:04]} g6 {[%emt 0:00:34]} 2. e4 {[%emt 0:00:47]} Bg7 {[%emt 0:01:19]} 3. d4 {[%emt 0:00:35]} Nc6 {[%emt 0:00:18]} 4. Ne2 {[%emt 0:03:15]} e5 {[%emt 0:01:28]} 5. dxe5 {[%emt 0:12:10]} Nxe5 {[%emt 0:01:06]} 6. Nd4 {[%emt 0:00:38]} Nf6 {[%emt 0:11:58]} 7. Nc3 {[%emt 0:00:21]} O-O {[%emt 0:00:07]} 8. Be2 {[%emt 0:00:57]} d6 {[%emt 0:02:18]} 9. Bg5 {[%emt 0:10:04]} h6 {[%emt 0:03:52]} 10. Bh4 {[%emt 0:00:58]} Re8 {[%emt 0:01:53]} 11. f3 {[%emt 0:02:02]} c6 {[%emt 0:01:53]} 12. O-O {[%emt 0:19:24]} a6 {[%emt 0:03:24]} 13. a4 {[%emt 0:00:31]} a5 {[%emt 0:02:30]} 14. Re1 {[%emt 0:04:42]} Ned7 {[%emt 0:04:29]} 15. Bf1 {[%emt 0:08:36]} Qb6 {[%emt 0:03:57]} 16. Bf2 {[%emt 0:00:46]} Nc5 {[%emt 0:00:40]} 17. Qc2 {[%emt 0:04:30]} Bd7 {[%emt 0:01:54]} 18. Rad1 {[%emt 0:00:39]} Rad8 {[%emt 0:00:18]} 19. Rd2 {[%emt 0:01:32]} Bc8 {[%emt 0:02:34]} 20. Red1 {[%emt 0:04:07]} Bf8 {[%emt 0:01:48]} 21. Kh1 {[%emt 0:00:27]} Be7 {[%emt 0:03:31]} 22. g3 {[%emt 0:06:04]} Bf8 {[%emt 0:06:21]} 23. Bg2 {[%emt 0:00:50]} Nfd7 {[%emt 0:03:41]} 24. h3 {[%emt 0:03:11]} Nb8 {[%emt 0:02:01]} 25. f4 {[%emt 0:04:10]} Nba6 26. Kh2 {[%emt 0:00:47]} Nb4 {[%emt 0:01:30]} 27. Qb1 {[%emt 0:00:13]} Qc7 {[%emt 0:00:55]} 28. b3 {[%emt 0:02:55]} Qe7 {[%emt 0:03:08]} 29. g4 {[%emt 0:00:23]} Bg7 {[%emt 0:01:41]} 30. Bg3 {[%emt 0:01:51]} g5 {[%emt 0:02:40]} 31. Kh1 {[%emt 0:01:04]} Bxd4 {[%emt 0:01:54]} 32. Rxd4 {[%emt 0:00:06]} Ne6 {[%emt 0:00:05]} 33. f5 {[%emt 0:01:41]} Nxd4 {[%emt 0:00:05]} 34. Rxd4 {[%emt 0:00:03]} Qf6 {[%emt 0:00:36]} 35. Qd1 {[%emt 0:01:19]} c5 {[%emt 0:03:58]} 36. Rd3 {[%emt 0:00:02]} Nxd3 {[%emt 0:00:36]} 37. Qxd3 {[%emt 0:00:01]} Qd4 {[%emt 0:01:14]} 38. Qf3 {[%emt 0:00:14]} Bd7 {[%emt 0:01:30]} 39. Bf2 {[%emt 0:00:33]} Qd2 {[%emt 0:02:34]} 40. Nd5 {[%emt 0:00:13]} Bc6 {[%emt 0:00:21]} 41. Nf6+ {[%emt 0:00:27]} Kg7 {[%emt 0:00:08]} 42. Nh5+ {[%emt 0:00:50]} Kf8 {[%emt 0:00:11]} 43. Ng3 {[%emt 0:00:07]} Re5 {[%emt 0:00:35]} 44. Kh2 {[%emt 0:00:57]} Rde8 {[%emt 0:00:35]} 45. Be3 {[%emt 0:00:17]} Qc2 {[%emt 0:00:26]} 46. Bf2 {[%emt 0:01:56]} Rxe4 {[%emt 0:01:55]} 47. Nxe4 {[%emt 0:00:05]} Qxe4 {[%emt 0:01:29]} 48. Qxe4 {[%emt 0:00:46]} Bxe4 {[%emt 0:00:02]} 49. Bg3 {[%emt 0:00:05]} Bxg2 {[%emt 0:00:03]} 50. Bxd6+ {[%emt 0:00:03]} Kg8 {[%emt 0:00:05]} 51. Kxg2 {[%emt 0:00:03]} Re3 {[%emt 0:00:11]} 52. Bxc5 {[%emt 0:00:47]} Rxb3 {[%emt 0:00:02]} 0-1

[Event "41st Nezhmetdinov Memorial 2019"]
[Site "Kazan"]
[Date "2019.06.08"]
[Round "9.6"]
[White "Belyakov, Bogdan"]
[Black "Puranik, Abhimanyu"]
[Result "1/2-1/2"]
[WhiteElo "2483"]
[BlackElo "2548"]
[Annotator "ChessBase"]
[PlyCount "32"]
[EventDate "2019.05.31"]
[EventType "swiss"]
[EventCountry "RUS"]
[SourceTitle "playchess.com"]
[Source "ChessBase"]
[SourceQuality "1"]
[TimeControl "5400+30"]

1. e4 {[%emt 0:00:00]} e5 {[%emt 0:00:00]} 2. Nf3 {[%emt 0:00:00]} Nc6 {[%emt 0:00:00]} 3. Bc4 {[%emt 0:00:00]} Nf6 {[%emt 0:00:32]} 4. d4 {[%emt 0:01:53]} exd4 {[%emt 0:00:27]} 5. e5 {[%emt 0:00:17]} d5 {[%emt 0:00:13]} 6. Bb5 {[%emt 0:00:06]} Ne4 {[%emt 0:00:06]} 7. Nxd4 {[%emt 0:00:03]} Bd7 {[%emt 0:00:20]} 8. Bxc6 {[%emt 0:00:05]} bxc6 {[%emt 0:00:04]} 9. O-O {[%emt 0:00:08]} Be7 {[%emt 0:01:29]} 10. f3 {[%emt 0:01:44]} Nc5 {[%emt 0:00:07]} 11. f4 {[%emt 0:00:04]} O-O {[%emt 0:00:51]} 12. f5 {[%emt 0:00:31]} Ne4 {[%emt 0:02:30]} 13. Nc3 {[%emt 0:05:01]} Bc5 {[%emt 0:03:45]} 14. Na4 {[%emt 0:17:56]} Be7 {[%emt 0:09:21]} 15. Nc3 {[%emt 0:01:00]} Bc5 {[%emt 0:22:34]} 16. Na4 {[%emt 0:00:07]} Be7 {[%emt 0:06:44]} 1/2-1/2

[Event "41st Nezhmetdinov Memorial 2019"]
[Site "Kazan"]
[Date "2019.06.08"]
[Round "9.7"]
[White "Svetushkin, Dmitry"]
[Black "Yeletsky, Ivan"]
[Result "0-1"]
[WhiteElo "2536"]
[BlackElo "2438"]
[Annotator "ChessBase"]
[PlyCount "76"]
[EventDate "2019.05.31"]
[EventType "swiss"]
[EventCountry "RUS"]
[SourceTitle "playchess.com"]
[Source "ChessBase"]
[SourceQuality "1"]
[TimeControl "5400+30"]

1. d4 {[%emt 0:00:00]} Nf6 {[%emt 0:00:00]} 2. Nf3 {[%emt 0:00:00]} g6 {[%emt 0:00:19]} 3. Nbd2 {[%emt 0:00:00]} c5 {[%emt 0:01:54]} 4. dxc5 {[%emt 0:01:05]} Qa5 {[%emt 0:00:11]} 5. a3 {[%emt 0:12:27]} Qxc5 {[%emt 0:00:15]} 6. b4 {[%emt 0:00:08]} Qc3 {[%emt 0:00:34]} 7. Rb1 {[%emt 0:00:34]} Qc7 {[%emt 0:01:25]} 8. e4 {[%emt 0:00:08]} Bg7 {[%emt 0:01:29]} 9. c4 {[%emt 0:06:40]} O-O {[%emt 0:01:47]} 10. Bd3 {[%emt 0:00:49]} d6 {[%emt 0:02:50]} 11. O-O {[%emt 0:00:30]} Nc6 {[%emt 0:00:14]} 12. h3 {[%emt 0:04:07]} a5 {[%emt 0:12:45]} 13. Re1 {[%emt 0:01:00]} Nd7 {[%emt 0:02:36]} 14. Qb3 {[%emt 0:04:32]} Rd8 {[%emt 0:05:43]} 15. Bf1 {[%emt 0:00:52]} axb4 {[%emt 0:08:56]} 16. axb4 {[%emt 0:00:26]} Qb6 {[%emt 0:00:13]} 17. Bb2 {[%emt 0:02:00]} Bxb2 {[%emt 0:00:57]} 18. Rxb2 {[%emt 0:02:56]} Nde5 {[%emt 0:05:58]} 19. Qc3 {[%emt 0:05:01]} Nxf3+ {[%emt 0:01:34]} 20. Nxf3 {[%emt 0:00:22]} Be6 {[%emt 0:00:25]} 21. Rd1 {[%emt 0:11:25]} Ra4 {[%emt 0:08:34]} 22. b5 {[%emt 0:04:28]} Na5 {[%emt 0:01:22]} 23. c5 {[%emt 0:05:47]} dxc5 {[%emt 0:01:05]} 24. Rxd8+ {[%emt 0:00:07]} Qxd8 {[%emt 0:00:09]} 25. Qxc5 {[%emt 0:00:27]} Nb3 {[%emt 0:06:49]} 26. Qc2 {[%emt 0:06:17]} Ra3 {[%emt 0:01:39]} 27. Ng5 {[%emt 0:02:48]} Nd4 {[%emt 0:05:10]} 28. Qc5 {[%emt 0:11:46]} Qd6 {[%emt 0:03:25]} 29. Nxe6 {[%emt 0:00:36]} fxe6 {[%emt 0:04:16]} 30. Qc8+ {[%emt 0:01:21]} Kg7 {[%emt 0:00:13]} 31. Qxb7 {[%emt 0:00:32]} Ra1 {[%emt 0:01:42]} 32. e5 {[%emt 0:05:00]} Qa3 {[%emt 0:10:39]} 33. Kh2 {[%emt 0:05:33]} Rxf1 {[%emt 0:01:42]} 34. Rd2 {[%emt 0:00:13]} Nf5 {[%emt 0:01:24]} 35. Qc6 {[%emt 0:06:41]} Qa1 {[%emt 0:02:46]} 36. g3 {[%emt 0:00:38]} Qxe5 {[%emt 0:02:01]} 37. Kg2 {[%emt 0:00:34]} Rb1 {[%emt 0:00:25]} 38. b6 {[%emt 0:00:11]} Qe1 {[%emt 0:00:28]} 0-1

[Event "41st Nezhmetdinov Memorial 2019"]
[Site "Kazan"]
[Date "2019.06.08"]
[Round "9.8"]
[White "Moiseenko, Vadim"]
[Black "Anikonov, Dmitry"]
[Result "1/2-1/2"]
[WhiteElo "2525"]
[BlackElo "2372"]
[Annotator "ChessBase"]
[PlyCount "93"]
[EventDate "2019.05.31"]
[EventType "swiss"]
[EventCountry "RUS"]
[SourceTitle "playchess.com"]
[Source "ChessBase"]
[SourceQuality "1"]
[TimeControl "5400+30"]

1. e4 {[%emt 0:00:47]} e6 {[%emt 0:00:00]} 2. d4 {[%emt 0:01:21]} d5 {[%emt 0:00:00]} 3. exd5 {[%emt 0:01:38]} exd5 {[%emt 0:00:00]} 4. Nf3 {[%emt 0:00:04]} Nc6 {[%emt 0:00:46]} 5. Nc3 {[%emt 0:01:58]} Nf6 {[%emt 0:01:34]} 6. Bb5 {[%emt 0:06:39]} Be7 {[%emt 0:04:06]} 7. Ne5 {[%emt 0:02:30]} Bd7 {[%emt 0:01:12]} 8. O-O {[%emt 0:01:03]} O-O {[%emt 0:00:55]} 9. Re1 {[%emt 0:03:02]} a6 {[%emt 0:03:51]} 10. Bxc6 {[%emt 0:00:36]} Bxc6 {[%emt 0:00:44]} 11. Qf3 {[%emt 0:03:29]} Nd7 {[%emt 0:25:29]} 12. Nd3 {[%emt 0:05:44]} Bd6 {[%emt 0:16:18]} 13. Bf4 {[%emt 0:06:42]} Qf6 {[%emt 0:01:26]} 14. Nxd5 {[%emt 0:03:04]} Qxd4 {[%emt 0:10:46]} 15. Bxd6 {[%emt 0:01:09]} Bxd5 {[%emt 0:00:45]} 16. Qf4 {[%emt 0:03:42]} Qxf4 {[%emt 0:00:44]} 17. Bxf4 {[%emt 0:04:11]} Be6 {[%emt 0:03:32]} 18. Bxc7 {[%emt 0:01:42]} Rfc8 {[%emt 0:00:24]} 19. Ba5 {[%emt 0:00:04]} Rxc2 {[%emt 0:04:14]} 20. Bc3 {[%emt 0:00:08]} Bc4 {[%emt 0:01:07]} 21. Rad1 {[%emt 0:14:07]} Nf6 {[%emt 0:04:29]} 22. h3 {[%emt 0:09:17]} Nd5 {[%emt 0:01:52]} 23. Be5 {[%emt 0:00:50]} Re8 24. Bxg7 Rxe1+ {[%emt 0:09:56]} 25. Nxe1 {[%emt 0:07:29]} Re2 {[%emt 0:00:02]} 26. Bd4 {[%emt 0:00:46]} Bxa2 {[%emt 0:00:49]} 27. Nd3 {[%emt 0:01:15]} Bb3 {[%emt 0:04:29]} 28. Rc1 {[%emt 0:00:28]} Rc2 {[%emt 0:00:02]} 29. Re1 {[%emt 0:01:28]} f6 {[%emt 0:01:11]} 30. Nc5 {[%emt 0:03:22]} Bc4 {[%emt 0:00:39]} 31. Nxb7 {[%emt 0:00:26]} Rd2 {[%emt 0:00:59]} 32. Re4 {[%emt 0:01:05]} Bd3 {[%emt 0:00:41]} 33. Re8+ {[%emt 0:00:24]} Kg7 {[%emt 0:00:19]} 34. Rd8 {[%emt 0:01:36]} Nf4 {[%emt 0:02:31]} 35. Be3 {[%emt 0:01:05]} Rd1+ {[%emt 0:00:02]} 36. Kh2 {[%emt 0:00:04]} Ne6 {[%emt 0:00:45]} 37. Rd6 {[%emt 0:03:22]} Kf7 {[%emt 0:00:01]} 38. Rd7+ {[%emt 0:01:56]} Kg6 {[%emt 0:00:12]} 39. Rd6 {[%emt 0:00:30]} Kf7 {[%emt 0:00:01]} 40. Rb6 {[%emt 0:00:11]} f5 {[%emt 0:01:22]} 41. Kg3 {[%emt 0:01:31]} Rg1 {[%emt 0:00:56]} 42. Rxe6 {[%emt 0:02:44]} Kxe6 {[%emt 0:00:50]} 43. Nc5+ {[%emt 0:00:04]} Kd5 {[%emt 0:00:02]} 44. Nxd3 {[%emt 0:00:04]} Kc4 {[%emt 0:00:59]} 45. Nc1 {[%emt 0:00:57]} Rd1 {[%emt 0:00:43]} 46. Kf4 {[%emt 0:02:17]} Rd5 {[%emt 0:00:06]} 47. g4 {[%emt 0:00:14]} 1/2-1/2

[Event "41st Nezhmetdinov Memorial 2019"]
[Site "Kazan"]
[Date "2019.06.08"]
[Round "9.9"]
[White "Visakh N R"]
[Black "Semenova, Elena"]
[Result "1-0"]
[WhiteElo "2518"]
[BlackElo "2255"]
[Annotator "ChessBase"]
[PlyCount "113"]
[EventDate "2019.05.31"]
[EventType "swiss"]
[EventCountry "RUS"]
[SourceTitle "playchess.com"]
[Source "ChessBase"]
[SourceQuality "1"]
[TimeControl "5400+30"]

1. d4 {[%emt 0:00:13]} Nf6 {[%emt 0:00:00]} 2. Bg5 {[%emt 0:04:16]} Ne4 {[%emt 0:02:47]} 3. Bf4 {[%emt 0:00:11]} d5 {[%emt 0:01:15]} 4. Nd2 {[%emt 0:04:17]} Bf5 {[%emt 0:05:20]} 5. e3 {[%emt 0:00:47]} g5 {[%emt 0:15:41]} 6. Be5 {[%emt 0:06:03]} f6 {[%emt 0:01:07]} 7. Bg3 {[%emt 0:00:21]} Nxg3 {[%emt 0:11:25]} 8. hxg3 {[%emt 0:00:08]} Qd7 {[%emt 0:00:49]} 9. c4 {[%emt 0:08:49]} e6 {[%emt 0:02:42]} 10. Qb3 {[%emt 0:01:05]} Nc6 {[%emt 0:02:04]} 11. Ngf3 {[%emt 0:24:28]} O-O-O {[%emt 0:11:58]} 12. cxd5 {[%emt 0:03:25]} exd5 {[%emt 0:02:21]} 13. Bb5 {[%emt 0:00:23]} a6 {[%emt 0:02:19]} 14. Bd3 {[%emt 0:04:43]} Bxd3 {[%emt 0:01:01]} 15. Qxd3 {[%emt 0:00:03]} Nb4 {[%emt 0:00:32]} 16. Qb1 {[%emt 0:08:49]} Qb5 {[%emt 0:00:45]} 17. a3 {[%emt 0:01:27]} Nd3+ {[%emt 0:01:35]} 18. Kf1 {[%emt 0:00:04]} Nxb2+ {[%emt 0:07:02]} 19. Kg1 {[%emt 0:00:04]} Rd7 {[%emt 0:15:26]} 20. Qf5 {[%emt 0:00:13]} Nc4 {[%emt 0:02:20]} 21. Nxc4 {[%emt 0:13:43]} dxc4 {[%emt 0:00:26]} 22. Qxf6 {[%emt 0:00:02]} Bg7 {[%emt 0:00:11]} 23. Qxg5 {[%emt 0:00:06]} Qxg5 {[%emt 0:03:35]} 24. Nxg5 {[%emt 0:00:01]} c5 {[%emt 0:00:02]} 25. Ne6 {[%emt 0:06:45]} cxd4 {[%emt 0:00:04]} 26. Rh4 {[%emt 0:00:06]} Bf6 {[%emt 0:03:04]} 27. Rf4 {[%emt 0:00:17]} dxe3 {[%emt 0:00:54]} 28. Re1 {[%emt 0:00:02]} exf2+ {[%emt 0:00:58]} 29. Kxf2 {[%emt 0:00:01]} Bb2 {[%emt 0:00:58]} 30. Rxc4+ {[%emt 0:00:06]} Kb8 {[%emt 0:00:02]} 31. a4 {[%emt 0:00:14]} Rc8 {[%emt 0:01:18]} 32. Rxc8+ {[%emt 0:01:33]} Kxc8 {[%emt 0:00:01]} 33. Re4 {[%emt 0:00:01]} Rf7+ {[%emt 0:01:59]} 34. Ke2 {[%emt 0:00:59]} Kd7 {[%emt 0:00:58]} 35. Kd3 {[%emt 0:00:05]} Kd6 {[%emt 0:01:16]} 36. Nf4 {[%emt 0:01:28]} Be5 {[%emt 0:00:19]} 37. Rb4 {[%emt 0:00:16]} Bxf4 {[%emt 0:00:58]} 38. gxf4 {[%emt 0:00:02]} Rg7 {[%emt 0:00:10]} 39. Ke4 {[%emt 0:00:56]} Rxg2 {[%emt 0:02:38]} 40. Rxb7 {[%emt 0:00:07]} Kc6 {[%emt 0:00:40]} 41. Rxh7 {[%emt 0:00:07]} Kc5 {[%emt 0:00:45]} 42. Rh5+ {[%emt 0:00:36]} Kb4 {[%emt 0:00:20]} 43. a5 {[%emt 0:00:01]} Re2+ {[%emt 0:00:31]} 44. Kf3 {[%emt 0:01:58]} Re8 {[%emt 0:00:33]} 45. Re5 {[%emt 0:00:19]} Rc8 {[%emt 0:00:43]} 46. f5 {[%emt 0:00:10]} Kc4 {[%emt 0:00:28]} 47. f6 {[%emt 0:00:32]} Rf8 {[%emt 0:00:34]} 48. Rf5 {[%emt 0:00:07]} Kd4 {[%emt 0:00:16]} 49. f7 {[%emt 0:00:09]} Kc4 {[%emt 0:00:04]} 50. Kf4 {[%emt 0:00:26]} Kb4 {[%emt 0:00:42]} 51. Kg5 {[%emt 0:00:05]} Rxf7 {[%emt 0:00:05]} 52. Rxf7 {[%emt 0:00:04]} Kxa5 {[%emt 0:00:02]} 53. Kf4 {[%emt 0:00:06]} Kb4 {[%emt 0:00:13]} 54. Ke3 {[%emt 0:00:05]} a5 {[%emt 0:00:13]} 55. Kd2 {[%emt 0:00:04]} Kb3 {[%emt 0:00:20]} 56. Kc1 {[%emt 0:00:06]} a4 {[%emt 0:00:03]} 57. Kb1 {[%emt 0:00:03]} 1-0